| 000 | 00579nam a2200205Ia 4500 | ||
|---|---|---|---|
| 005 | 20250508163538.0 | ||
| 008 | 008 250505s9999 xx 000 0 hin d | ||
| 020 | _a81-85827-62-1 | ||
| 037 | _aTextual | ||
| 040 |
_aFEDL _beng _cFEDL |
||
| 041 |
_ahin _2eng |
||
| 084 |
_a181.45, ATA _qFEDL |
||
| 100 |
_aAtmanand Swami Akshya _9775604 |
||
| 245 | 0 | _aYogasAn aur pranayam | |
| 260 |
_aNew Delhi, India _bPratibha Pratishthan _c1997 |
||
| 300 | _a168p. | ||
| 650 |
_aOriental Philosophy _9755543 |
||
| 942 |
_cTEXL _h181.45, ATA |
||
| 999 |
_c1383993 _d1383993 |
||